Muerte de Merlín / (Record no. 187252)

MARC details
000 -LEADER
campo de control de longitud fija 00754nam a2200217 i 4500
001 - NÚMERO DE CONTROL
campo de control 187252
003 - IDENTIFICADOR DE NÚMERO DE CONTROL
campo de control SpMaBN
005 - FECHA Y HORA DE LA ÚLTIMA TRANSACCIÓN
campo de control 20250702063130.0
008 - DATOS DE LONGITUD FIJA--INFORMACIÓN GENERAL
campo de control de longitud fija 170519s1985 ck |||| | spa d
080 ## - NÚMERO DE LA CLASIFICACIÓN DECIMAL UNIVERSAL
Número de la Clasificación Decimal Universal 821.134.2(861)-14"19"
100 1# - ENTRADA PRINCIPAL--NOMBRE DE PERSONA
Nombre de persona Quessep, Giovanni,
Fechas asociadas al nombre 1939-
9 (RLIN) 162748
245 10 - MENCIÓN DEL TÍTULO
Título Muerte de Merlín /
Mención de responsabilidad, etc. Giovanni Quessep ; prólogo de Fernando Charry Lara.
260 ## - PUBLICACIÓN, DISTRIBUCIÓN, ETC.
Lugar de publicación, distribución, etc. Bogotá :
Nombre del editor, distribuidor, etc. Instituto Caro y Cuervo,
Fecha de publicación, distribución, etc. 1985.
300 ## - DESCRIPCIÓN FÍSICA
Extensión 116 p. ;
Dimensiones 20 cm.
490 1# - MENCIÓN DE SERIE
Mención de serie La granada entreabierta ;
Designación de volumen o secuencia 40
700 1# - ENTRADA AGREGADA--NOMBRE PERSONAL
Nombre de persona Charry Lara, Fernando.
9 (RLIN) 38136
710 2# - ENTRADA AGREGADA--NOMBRE DE ENTIDAD CORPORATIVA
Nombre de entidad corporativa o nombre de jurisdicción como elemento de entrada Instituto Caro y Cuervo.
9 (RLIN) 4806
830 0# - PUNTO DE ACCESO ADICIONAL DE SERIE-TÍTULO UNIFORME
Título uniforme La granada entreabierta ;
Designación de volumen o secuencia 40
9 (RLIN) 192760
852 ## - LOCALIZACIÓN
Ubicación ES-MaACL
Número de control de estantería L-31604
Nota libre . - Donat. Viuda Antonio Tovar
Holdings
Estatus retirado Estado de pérdida Estado de daño No para préstamo Biblioteca de origen Biblioteca actual Ubicación en estantería Fecha de adquisición Fuente de adquisición Total de préstamos Signatura topográfica completa Código de barras Visto por última vez Precio de reemplazo Tipo de ítem Koha
        Biblioteca del Ateneo de Madrid Biblioteca del Ateneo de Madrid Depósito 2 19/05/2017     L-31604 1197602 23/02/2023 23/02/2023 Libro impreso